<?xml version="1.0" encoding="UTF-8"?>
<record
    xmlns:xsi="http://www.w3.org/2001/XMLSchema-instance"
    xsi:schemaLocation="http://www.loc.gov/MARC21/slim http://www.loc.gov/standards/marcxml/schema/MARC21slim.xsd"
    xmlns="http://www.loc.gov/MARC21/slim">

  <leader>00789nam a22001697a 4500</leader>
  <controlfield tag="003">SGT</controlfield>
  <datafield tag="020" ind1=" " ind2=" ">
    <subfield code="a"> 9788120338487</subfield>
  </datafield>
  <datafield tag="082" ind1=" " ind2=" ">
    <subfield code="a">658.45,KAU</subfield>
  </datafield>
  <datafield tag="100" ind1=" " ind2=" ">
    <subfield code="a">KAUL,ASHA</subfield>
  </datafield>
  <datafield tag="245" ind1=" " ind2=" ">
    <subfield code="a">BUSINESS COMMUNICATION</subfield>
  </datafield>
  <datafield tag="250" ind1=" " ind2=" ">
    <subfield code="a">2ND</subfield>
  </datafield>
  <datafield tag="260" ind1=" " ind2=" ">
    <subfield code="a">NEW DELHI</subfield>
    <subfield code="b">PHI</subfield>
    <subfield code="c">2014</subfield>
  </datafield>
  <datafield tag="300" ind1=" " ind2=" ">
    <subfield code="a">254</subfield>
  </datafield>
  <datafield tag="650" ind1=" " ind2=" ">
    <subfield code="a">MANAGEMENT</subfield>
  </datafield>
  <datafield tag="653" ind1=" " ind2=" ">
    <subfield code="a"> Chapter 1 COMMUNICATION: AN OVERVIEW Chapter 2 BARRIERS AND AIDS TO COMMUNICATION Chapter 3 LISTENING Chapter 4 PRESENTATION SKILLS Chapter 5 ASSERTIVENESS Chapter 6 BODY SPORT AND VOICE MODULATIONS Chapter 7 GROUP DISCUSSIONS AND INTERVIEWS CASE STUDY 1 The Eagle CASE STUDY 2 ABC Careers CASE STUDY 3 Kantha Industry CASE STUDY 4 TD Medical Transcription Company CASE STUDY 5 Kumarsons CASE STUDY 6 Phoenix Management Entrance Training Institute</subfield>
  </datafield>
  <datafield tag="942" ind1=" " ind2=" ">
    <subfield code="2">ddc</subfield>
    <subfield code="c">FCM</subfield>
    <subfield code="0">2</subfield>
  </datafield>
  <datafield tag="952" ind1=" " ind2=" ">
    <subfield code="0">0</subfield>
    <subfield code="1">0</subfield>
    <subfield code="2">ddc</subfield>
    <subfield code="4">0</subfield>
    <subfield code="7">0</subfield>
    <subfield code="8">CM</subfield>
    <subfield code="a">SSSL</subfield>
    <subfield code="b">SSSL</subfield>
    <subfield code="c">DISPLAY</subfield>
    <subfield code="d">2016-06-02</subfield>
    <subfield code="e">KIRTI PRAKASHAN</subfield>
    <subfield code="g">195.00</subfield>
    <subfield code="i">SGTU</subfield>
    <subfield code="l">3</subfield>
    <subfield code="o">658.45,KAU</subfield>
    <subfield code="p">CM1021</subfield>
    <subfield code="r">2019-09-14 00:00:00</subfield>
    <subfield code="s">2019-08-27</subfield>
    <subfield code="w">2015-10-19</subfield>
    <subfield code="y">FCM</subfield>
    <subfield code="k">730</subfield>
  </datafield>
  <datafield tag="952" ind1=" " ind2=" ">
    <subfield code="0">0</subfield>
    <subfield code="1">0</subfield>
    <subfield code="2">ddc</subfield>
    <subfield code="4">0</subfield>
    <subfield code="7">1</subfield>
    <subfield code="8">CM</subfield>
    <subfield code="a">SSSL</subfield>
    <subfield code="b">SSSL</subfield>
    <subfield code="c">REF</subfield>
    <subfield code="d">2016-06-02</subfield>
    <subfield code="e">KIRTI PRAKASHAN</subfield>
    <subfield code="g">195.00</subfield>
    <subfield code="i">SGTU</subfield>
    <subfield code="o">658.45,KAU</subfield>
    <subfield code="p">CM1022</subfield>
    <subfield code="r">2016-06-02 00:00:00</subfield>
    <subfield code="w">2015-10-19</subfield>
    <subfield code="y">FCM</subfield>
    <subfield code="k">730</subfield>
  </datafield>
  <datafield tag="952" ind1=" " ind2=" ">
    <subfield code="0">0</subfield>
    <subfield code="1">0</subfield>
    <subfield code="2">ddc</subfield>
    <subfield code="4">0</subfield>
    <subfield code="7">0</subfield>
    <subfield code="8">CM</subfield>
    <subfield code="a">SSSL</subfield>
    <subfield code="b">SSSL</subfield>
    <subfield code="c">DISPLAY</subfield>
    <subfield code="d">2016-06-02</subfield>
    <subfield code="e">KIRTI PRAKASHAN</subfield>
    <subfield code="g">195.00</subfield>
    <subfield code="i">SGTU</subfield>
    <subfield code="l">7</subfield>
    <subfield code="o">658.45,KAU</subfield>
    <subfield code="p">CM1023</subfield>
    <subfield code="r">2024-12-13 00:00:00</subfield>
    <subfield code="s">2024-12-12</subfield>
    <subfield code="w">2015-10-19</subfield>
    <subfield code="y">FCM</subfield>
    <subfield code="k">730</subfield>
  </datafield>
  <datafield tag="999" ind1=" " ind2=" ">
    <subfield code="c">8900</subfield>
    <subfield code="d">8900</subfield>
  </datafield>
</record>
